00377pab a2200145 454500008004000000100001800040245004700058260000900105300001200114362000800126650002800134650003300162650002500195773001100220180718b1999 xxu||||| |||| 00| 0 eng d aMohod, Vandan aMarketing extension and commercial farming c1999 ap.37-39 aJul aRural extension - India aAgricultural markets - India aAgricultural markets aYojana